Jeux Olympiques 1984 - Pays participants - Statistiques

Statistiques générales
  • Ce quiz a été pris 17 fois
  • Le résultat moyen est 105 sur 139
Réponses sur la Carte
Les réponses sont colorées sur une échelle allant du rouge au vert en fonction du pourcentage des utilisateurs qui les ont devinées à leur premier essai. Vous pouvez retrouver ces pourcentages ci-dessous.
 
Statistiques - réponses
Nombre d'athlètes Pays % Correct
394 Allemagne de l'Ouest
100%
151 Brésil
100%
439 Canada
100%
62 Danemark
100%
185 Espagne
100%
522 Etats-Unis
100%
243 France
100%
51 Grèce
100%
305 Italie
100%
45 Jamaïque
100%
104 Norvège
100%
127 Pays-Bas
100%
38 Pérou
100%
39 Portugal
100%
338 Royaume-Uni
100%
176 Suède
100%
129 Suisse
100%
26 Venezuela
100%
87 Argentine
93%
246 Australie
93%
67 Belgique
93%
57 Chili
93%
219 Chine
93%
204 Corée du Sud
93%
114 Egypte
93%
10 Equateur
93%
88 Finlande
93%
24 Guatemala
93%
48 Inde
93%
43 Irlande
93%
04 Mali
93%
40 Maroc
93%
99 Mexique
93%
08 Panama
93%
10 République du Congo
93%
23 Tunisie
93%
47 Turquie
93%
19 Uruguay
93%
08 Zaïre
93%
32 Algérie
87%
102 Autriche
87%
12 Bolivie
87%
37 Colombie
87%
06 Guyana
87%
247 Japon
87%
60 Kenya
87%
130 Nouvelle-Zélande
87%
29 Pakistan
87%
14 Paraguay
87%
24 Sénégal
87%
05 Suriname
87%
03 Tchad
87%
139 Yougoslavie
87%
40 Arabie Saoudite
80%
49 Cameroun
80%
28 Costa Rica
80%
12 Côte d'Ivoire
80%
04 Haïti
80%
12 Honduras
80%
16 Indonésie
80%
24 Irak
80%
32 Islande
80%
31 Israël
80%
04 Madagascar
80%
25 Nicaragua
80%
03 Niger
80%
33 Nigeria
80%
125 Roumanie
80%
07 Somalie
80%
05 Soudan
80%
35 Thaïlande
80%
22 Bahamas
73%
11 Belize
73%
07 Botswana
73%
12 Jordanie
73%
01 Oman
73%
20 Philippines
73%
27 Qatar
73%
39 République dominicaine
73%
02 Andorre
67%
01 Bangladesh
67%
03 Bénin
67%
07 Emirats arabes unis
67%
21 Liban
67%
04 Mauritanie
67%
08 Monaco
67%
11 Népal
67%
02 République Centrafricaine
67%
06 Togo
67%
16 Barbade
60%
04 Gabon
60%
14 Ghana
60%
09 Liberia
60%
07 Liechtenstein
60%
05 Luxembourg
60%
08 Malte
60%
09 Mozambique
60%
07 Papouasie-Nouvelle-Guinée
60%
07 Sierra Leone
60%
02 Yémen du Nord
60%
16 Zambie
60%
16 Zimbabwe
60%
01 Birmanie
53%
10 Chypre
53%
03 Guinée
53%
04 Lesotho
53%
21 Malaisie
53%
04 Maurice
53%
26 Ouganda
53%
03 Rwanda
53%
19 Saint-Marin
53%
09 Seychelles
53%
04 Sri Lanka
53%
07 Syrie
53%
18 Tanzanie
53%
16 Trinité-et-Tobago
53%
06 Bhoutan
47%
03 Djibouti
47%
15 Fidji
47%
05 Guinée Equatoriale
47%
03 Iles Salomon
47%
23 Koweït
47%
15 Malawi
47%
08 Samoa
47%
05 Singapour
47%
08 Swaziland
47%
59 Taïwan
47%
13 Antigua-et-Barbuda
40%
07 Grenade
40%
07 Tonga
40%
10 Bahreïn
33%
07 Gambie
27%
Aucun quiz correspondant
Distribution des résultats
% des personnes avec chaque résultat
Percentile par nombre de réponses
Votre historique - résultats
Vous n’avez pas pris ce quiz